| 000 | 00940 a2200157 4500 | ||
|---|---|---|---|
| 003 | Nust | ||
| 005 | 20230201135123.0 | ||
| 040 | _cNust | ||
| 082 | _a927.612,HUM | ||
| 245 |
_aThe Human March in the Libyan Arab republic / _cLibyan Arab Republic |
||
| 260 |
_aLibyan Arab _bDepp of Information and Cultural Affairs |
||
| 300 | _a240:p | ||
| 505 | _aIntroduction (Page-12), System Of Government (Page-23), The Political Organization (Page-29), On The National Level (Page-53), On The Islamic Level (Page-61), On The African Level (Page-67), In The Third World Level (Page-73), On The International Level (Page-79), On The Local Level (Page-85), Petroleum (Page-135), Economy (Page-147),Tourism (Page-159), Education (Page-169), Housing (Page-185), Electricity (Page-193), Lab Our (Page-227), Information And Culture (Page-235),The Comprehensive Scientific Revival (Page-245). | ||
| 650 |
_a Libya _9108410 |
||
| 942 |
_2ddc _cBK _k927.612,HUM |
||
| 999 |
_c187357 _d187357 |
||